| 000 | 01279cam a2200253 4500 | ||
|---|---|---|---|
| 001 | WB@3612-644 | ||
| 008 | 041103n2004 000 0 eng u | ||
| 035 | _a(Sirsi) u127896 | ||
| 245 | _aPollution control | ||
| 260 | _c2004 | ||
| 490 |
_aODPM News Release _v(2004/0259) 3 November 2004 (2) |
||
| 520 | _aNew planning guidance advising on pollution control matters has been launched by the ODPM. "PPS23: Planning for pollution control" provides guidance on how major new systems for pollution control and the management of contaminated land should be taken into account when considering proposals for development. The key policy aims of PPS23 are to facilitate planning for good quality, sustainable development that takes appropriate account of pollution control issues. The policy is available to download from: http://www.odpm.gov.uk/stellent/groups/odpm_contro l/documents/contentservertemplate/odpm_index.hcst? n=5038&l=2. http://www.odpm.gov.uk/pns/displaypn.cgi?pn_id=200 4_0259 | ||
| 590 | _aWB | ||
| 590 | _aWB | ||
| 650 | _aPOLLUTION | ||
| 650 | _aPPS23 | ||
| 650 | _aPLANNING | ||
| 650 | _aPOLLUTION CONTROL | ||
| 650 | _aAIR POLLUTION | ||
| 650 | _aWATER QUALITY | ||
| 650 | _aPLANNING CONTROL | ||
| 690 | _aPLANNING-PLANNING LAW | ||
| 942 | _n0 | ||
| 999 |
_c118267 _d118267 |
||